LIBRARY & INFORMATION CENTRE, KCAET, TAVANUR

ONLINE PUBLIC ACCESS CATALOGUE (OPAC)

Accelerated learning programs (Record no. 17581)

MARC details
000 -LEADER
fixed length control field 00281nam a22001217a 4500
003 - CONTROL NUMBER IDENTIFIER
control field OSt
008 - FIXED-LENGTH DATA ELEMENTS--GENERAL INFORMATION
fixed length control field 221118b |||||||| |||| 00| 0 eng d
041 ## - LANGUAGE CODE
Language code of text/sound track or separate title eng
082 ## - DEWEY DECIMAL CLASSIFICATION NUMBER
Classification number 370.1523
Item number DEH/AC
100 ## - MAIN ENTRY--AUTHOR NAME
Personal name Dehan, Robert F
245 ## - TITLE STATEMENT
Title Accelerated learning programs
942 ## - ADDED ENTRY ELEMENTS (KOHA)
Koha item type Books
Holdings
Withdrawn status Lost status Damaged status Home library Current library Shelving location Date acquired Full call number Accession Number Koha item type
Withdrawn     KAUAET Sanskrit University Old Collection 18/11/2022 370.1523 DEH/AC 10833 Books
free website counter